Changes in the perception of the poverty line during the depression in Russia, 1993-96 (Record no. 43979)

000 -LEADER
fixed length control field 01474pab a2200181 454500
008 - FIXED-LENGTH DATA ELEMENTS--GENERAL INFORMATION
fixed length control field 180718b1999 xxu||||| |||| 00| 0 eng d
100 ## - MAIN ENTRY--PERSONAL NAME
Personal name Milanovic, Branko
245 ## - TITLE STATEMENT
Title Changes in the perception of the poverty line during the depression in Russia, 1993-96
260 ## - PUBLICATION, DISTRIBUTION, ETC.
Date of publication, distribution, etc. 1999
300 ## - PHYSICAL DESCRIPTION
Extent p.539-59
362 ## - DATES OF PUBLICATION AND/OR SEQUENTIAL DESIGNATION
Dates of publication and/or sequential designation Sep
520 ## - SUMMARY, ETC.
Summary, etc. Economic transition in Russia was accompanied by a precipitous decline in real income for most of the population. This article analyzes how the decline affected people's perception of the minimum level of income needed to make ends meet. Individual-level data collected from repeated surveys between March 1993 and September 1996 reveal that the elasticity of subjective minimum income with respect to actual meddian income was 1.5 or that people's subjective estimate of the minimum income for an adult Russian fell about 1.7 percent each month. This sharp reduction in the face of a decrease in real income meant that the percentage of the population who felt that they were poor declined, even though poverty remained at a very high level (more than 60 percent of the population) throughout the period. This self-perception is in marked contrast to an "objective" measure of poverty: the percentage of the population whose income was less than a given real poverty line rose. - Reproduced
650 ## - SUBJECT ADDED ENTRY--TOPICAL TERM
Topical term or geographic name entry element Poverty - Russia
650 ## - SUBJECT ADDED ENTRY--TOPICAL TERM
Topical term or geographic name entry element Poverty
700 ## - ADDED ENTRY--PERSONAL NAME
Personal name Jovanovic, Branko
773 ## - HOST ITEM ENTRY
Main entry heading World Bank Economic Review
909 ## -
-- 43979
Holdings
Withdrawn status Lost status Damaged status Not for loan Permanent Location Current Location Date acquired Serial Enumeration / chronology Barcode Date last seen Price effective from Koha item type
        Indian Institute of Public Administration Indian Institute of Public Administration 2018-07-19 Volume no: 15, Issue no: 1 AR44385 2018-07-19 2018-07-19 Articles

Powered by Koha